Prithivi ki kahani (Record no. 1055466)

MARC details
000 -LEADER
fixed length control field 00516nam a2200229Ia 4500
003 - CONTROL NUMBER IDENTIFIER
control field OSt
005 - DATE AND TIME OF LATEST TRANSACTION
control field 20221005125913.0
008 - FIXED-LENGTH DATA ELEMENTS--GENERAL INFORMATION
fixed length control field ASM
037 ## - SOURCE OF ACQUISITION
Terms of availability Textual
040 ## - CATALOGING SOURCE
Original cataloging agency CRL
Transcribing agency CRL
Language of cataloging ASM
041 ## - LANGUAGE CODE
Source of code ASM
Language code of text/sound track or separate title ASM
100 ## - MAIN ENTRY--PERSONAL NAME
Personal name Katha Prithivir
9 (RLIN) 637292
245 #0 - TITLE STATEMENT
Title Prithivi ki kahani
260 ## - PUBLICATION, DISTRIBUTION, ETC.
Date of publication, distribution, etc. 1979
650 ## - SUBJECT ADDED ENTRY--TOPICAL TERM
Topical term or geographic name entry element GEOGRAPHY
942 ## - ADDED ENTRY ELEMENTS (KOHA)
Classification part U16, 158L9
Koha item type Textual
Source of classification or shelving scheme
Holdings
Withdrawn status Lost status Damaged status Not for loan Home library Current library Date acquired Total Checkouts Full call number Barcode Date last seen Price effective from Koha item type
        Central Library Central Library 2022-10-05   U16 158L9 AL1129458 2022-10-05 2022-10-05 Textual
Copyright @ Delhi University Library System